00502 2200169 4500001002100000005001500021035002000036008003900056245011300095100001600208260004600224084001300270082000700283650001200290990001500302990001500317INLIS00000000000400920260429085724 a0010-1224000180260429 | | | 1 aKarakteristik Vegetasi Pada Sekitaran Sarang Orang Utan (Pongo Pygmaeus) di KHDTK Mungku Baru /cReni Davina aReni Davina aPalangka Raya :bPerpustakaan UMPR,c2022 a61 REN k a61 4aSKRIPSI a1661017281 a1661017281